Mitos y paradojas de la justicia tributaria

Guardat en:
Dades bibliogràfiques
Autor principal: Einaudi, Luigi (Autor)
Format: Llibre
Idioma:espanyol
Publicat: Barcelona Ariel 1963
Col·lecció:Zetein-Estudios y Ensayos
Matèries:
Etiquetes: Afegir etiqueta
Sense etiquetes, Sigues el primer a etiquetar aquest registre!

MARC

LEADER 00000nam a2200000 a 4500
001 UCS0488
003 CL-VaPUC
008 970426e19630000SP |||||||||||||||||spa|d
082 0 4 |a 343.04  |b EIN  |2 21 
100 0 |a Einaudi, Luigi  |e author  |9 384064 
245 1 0 |a Mitos y paradojas de la justicia tributaria 
300 |a 419 p 
942 |c BK 
945 |d 19970426 00:00:00  |a paguirre 
260 |a Barcelona  |b Ariel  |c 1963 
650 0 |a Derecho tributario  |9 258895 
650 7 |a JUSTICIA TRIBUTARIA  |2 CL-VaPUC  |9 384065 
650 0 |a Impuestos  |9 255450 
650 0 |a Deudas   |9 350077 
583 |a last modification  |c 19970426 00:00:00  |k Rodrigo Vera 
490 0 |a Zetein-Estudios y Ensayos 
999 |c 258715  |d 258713 
952 |0 0  |1 0  |4 0  |6 343_040000000000000_EIN_1963  |7 0  |8 A  |9 282991  |a BIBDER  |b BIBDER  |d 2019-11-19  |i 1836072  |o 343.04 EIN 1963  |p 1836072  |r 2023-01-25  |w 2019-11-19  |y BK  |k DER